Foreign NBA Players by Country - Statistics

General Stats
  • This quiz has been taken 127 times
    95 since last reset
  • The average score is 18 of 41
Answer Stats
Country Players % Correct
Greece Giannis Antetokounmpo | Thanasis Antetokounmpo
89%
Slovenia Vlatko Cancar | Goran Dragic | Luka Doncic
89%
Canada Nickeil Alexander-Walker | RJ Barrett | Khem Birch | Chris Boucher | Ignas Brazdeikis | Dillon Brooks | Brandon Clarke | Luguentz Dort | Cory Joseph | Mfiondu Kabengele | Trey Lyles | Mychal Mulder | Jamal Murray | Kelly Olynyk | Dwight Powell | Tristan Thompson | Andrew Wiggins | Shai Gilgeous-Alexander
86%
Serbia Nemanja Bjelica | Bogdan Bogdanovic | Nikola Jokic | Boban Marjanovic | Aleksej Pokusevski | Alen Smailagic
82%
Australia Aron Baynes | Matthew Dellavedova | Dante Exum | Joe Ingles | Kyrie Irving | Patty Mills | Ben Simmons
81%
France Nicolas Batum | Sekou Doumbouya | Evan Fournier | Rudy Gobert | Killian Hayes | Timothe Luwawu-Cabarrot | Theo Maledon | Frank Ntilikina | Vincent Poirier
72%
Spain Marc Gasol | Juancho Hernangomez | Willy Hernangomez | Ricky Rubio
71%
Latvia Davis Bertans | Anzejs Pasecniks | Kristaps Porzingis | Rodions Kurucs
63%
Germany Isaac Bonga | Isaiah Hartenstein | Maxi Kleber | Dennis Schroder | Daniel Theis | Moritz Wagner
63%
Lithuania Domantas Sabonis | Deividas Sirvydis | Jonas Valanciunas
59%
New Zealand Steven Adams
59%
Bosnia & Herzegovina Jusuf Nurkic
57%
Dominican Republic Al Horford
56%
Japan Rui Hachimura
54%
Bahamas Buddy Hield | Deandre Ayton
53%
Finland Lauri Markkanen
52%
Cameroon Joel Embiid, Pascal Siakam
51%
Montenegro Nikola Vucevic
49%
Switzerland Clint Capela
46%
Croatia Luka Samanic | Bojan Bogdanovic | Dario Saric | Ivica Zubac
44%
Italy Danilo Gallinari | Nicolo Melli
43%
Turkey Enes Kanter | Furkan Korkmaz | Cedi Osman
43%
United Kingdom OG Anunoby
42%
Israel Deni Avdija
38%
Republic of Congo Serge Ibaka
37%
Sudan Bol Bol
30%
Austria Jakob Poeltl
29%
Brazil Bruno Caboclo | Cristiano Felicio | Raul Neto
28%
Nigeria Precious Achiuwa | Udoka Azubuike | Josh Okogie
27%
Senegal Gorgui Dieng
25%
Ukraine Alex Len | Svi Mykhailiuk
24%
Angola Bruno Fernando
24%
Georgia Goga Bitadze
23%
St. Lucia Chris Boucher
22%
Czech Republic Tomas Satoransky
20%
South Sudan Thon Maker | Wenyen Gabriel
18%
Egypt Abdel Nader
15%
Democratic Republic of Congo Bismack Biyombo | Emmanuel Mudiay
14%
Argentina Facundo Campazzo
8%
Gabon Chris Silva
3%
Jamiaca Nick Richards
3%
No matching quizzes found
Score Distribution
Percent of People with Each Score
Percentile by Number Answered
Your Score History
You have not taken this quiz since the last reset